00525 2200193 4500001002100000008004100021035002000062245006900082100001800151250001000169260003200179300003200211020002200243084001600265082001000281650001800291990001100309990001100320INLIS000000000014752 ind  a0010-1022000070 aCowok Bakwan vs Cowok TampancYoga Aditama; penyunting, Mardiati aYOGA, Aditama acet.1 aDepok :bGema Insani,c2018 axiv, 189 hal.: ilus.c21 cm a978-602-250-524-2 a297.5 YOG c a297.5 aISLAM. AKHLAK a9615 a a9615 b